000 00361nam a2200157Ia 4500
008 100122s9999 xx 000 0 und d
082 _b63049
_aB823
100 _aWILLIAMS BOB
245 _aTHE THREE WISHES
250 _a0
260 _bKOHWAI & YOUNG
_c2002
300 _a16
630 _aTHE THREE WISHES
730 _aTHE THREE WISHES
942 _cBOOK
999 _c378895
_d378892